000 01528nam a2200313Ia 4500
001 380261
003 EC-QuCCB
005 20260326105715.0
007 ta
008 130917s1991 sp gr 000 0 spa d
020 _a84-7517-335-7
040 _aEC-QuCCB
041 1 _aspa
082 _a861
_bA9391
100 1 _aAute, Luis Eduardo,
_d1943-2020
_9791
245 1 0 _aCanciones 2
_cLuis Eduardo Aute
260 _aMadrid, España :
_bEdiciones Hiperión,
_c1991
300 _a58 páginas ;
_c20 cm
336 _atexto
_btxt
337 _ano mediado
_bn
338 _avolumen
_bnc
490 _aHiperión. Poesía ;
_vnúmero 71
505 _aSegundos fuera -- Cómo te atreves -- Volver a verte -- Va como va -- Déjalo ya -- La belleza -- Todo es mentira -- Segundos fuera -- La guerra que vendrá -- Vaya faena -- ¡UFFF! --Polvo enamorado -- El Gorrión -- La decadencia -- ¡Ufff! -- No sé vivir sin ti -- Light-Motiv -- No digas nunca jamás -- No tengo ningunas ganas -- Siglo XXI -- Discografía
520 _aEste volumen de Canciones 2 no pretende otra cosa que ir reuniendo los nuevos trabajos de Aute, sin modificar por ello el primer tomo publicado, que muchos lectores ya poseen. Y si en esta primera edición no incluye otras canciones que las de sus últimos discos Segundos fuera (1989) y íUfff! (1991), esperamos verlo crecer en sucesivas entregas, con los futuros trabajos de su autor.
590 _abgg
650 4 _aPoesía española
_915041
650 4 _aLiteratura española
942 _2ddc
_cBK
999 _c3475
_d3475